000 00886nas a2200289 4500
001 BR0901607
003 BR-BrBNA
005 20231205112615.0
007 ta
008 230509b bl.|||p| |||| 00| 00por d
040 _aBR-BrBNA
_bpor
_cBiblioteca Nacional de Agricultura
041 _a(Pt)
072 _aH10
100 1 _aFernandes, A.P.
100 1 _aOliveira, C.A.L. de
100 1 _aFerreira, M. da C.
245 1 _aEficiencia de acaricidas sobre populações de Brevipalpus phoenicis (Geijskes)(Acari: Tenuiplapidae)de citros e cafeeiro
650 _aFRUTA CITRICA
650 _aCAFE
650 _aACARO
650 _aACARICIDA
650 _aCONTROLE QUIMICO
650 _aMANCHA ANULAR
773 0 _tRevista de Agricultura (Brazil)
_xISSN 0034-7655
_g(Jun 2008), v. 83(1) p. 47-55
_wBR0901607
909 _a202311
_bLúcia
_c55
_dLúcia Elande
942 _2AGRIS
_n0
_cANA
999 _c198929
_d198929